A la feria / (Record no. 17656)

MARC details
000 -LEADER
fixed length control field 00715nam a2200253Ia 4500
001 - CONTROL NUMBER
control field 39522566
003 - CONTROL NUMBER IDENTIFIER
control field OCoLC
005 - DATE AND TIME OF LATEST TRANSACTION
control field 20170616114725.0
008 - FIXED-LENGTH DATA ELEMENTS--GENERAL INFORMATION
fixed length control field 980721s1997 maua 000 0 spa d
020 ## - INTERNATIONAL STANDARD BOOK NUMBER
International Standard Book Number 0395785286 (pbk.)
020 ## - INTERNATIONAL STANDARD BOOK NUMBER
International Standard Book Number 9780395785287 (pbk.)
040 ## - CATALOGING SOURCE
Original cataloging agency CSJ
Transcribing agency CSJ
041 1# - LANGUAGE CODE
Language code of text/sound track or separate title spa
Language code of original eng
100 1# - MAIN ENTRY--PERSONAL NAME
Personal name Fackerell, Elizabeth.
240 10 - UNIFORM TITLE
Uniform title <a href="Going to the fair.">Going to the fair.</a>
Language of a work Spanish.
245 10 - TITLE STATEMENT
Title A la feria /
Statement of responsibility, etc. por Elizabeth Fackerell; ilustrado por Helen Leach; adaptacin de Juan Guevara.
260 ## - PUBLICATION, DISTRIBUTION, ETC. (IMPRINT)
Place of publication, distribution, etc. Boston :
Name of publisher, distributor, etc. Houghton Mifflin,
Date of publication, distribution, etc. c1997.
300 ## - PHYSICAL DESCRIPTION
Extent 16 p. :
Other physical details ill. ;
Dimensions 17 x 21 cm.
440 #0 - SERIES STATEMENT/ADDED ENTRY--TITLE
Title Si puedo!
526 ## - STUDY PROGRAM INFORMATION NOTE
Reading level LV2/18
700 1# - ADDED ENTRY--PERSONAL NAME
Personal name Leach, Helen.
700 1# - ADDED ENTRY--PERSONAL NAME
Personal name Guevara, Juan.
942 ## - ADDED ENTRY ELEMENTS (KOHA)
Koha item type Libro/Book
Holdings
Withdrawn status Lost status Damaged status Not for loan Home library Current library Date acquired Inventory number Total Checkouts Barcode Date last seen Price effective from Koha item type
        Genizero -- Satellite Genizero -- Satellite 16/06/2017 Inventory date: 7/7/25   35601517 07/10/2021 16/06/2017 Libro/Book

Powered by Koha